000 00735nam a2200253Ia 4500
003 OSt
005 20221005050056.0
006 a|||||r|||| 00| 0
007 ta
008 221004b |||||||| |||| 00| 0 ben d
020 _a9788182060548 (hbk)
_cIndian Rupees 300
024 _a33787
037 _bGift, 28/09/2017,
_cTextual
040 _aCRL
_cCRL
_bben
041 _2ben
_aben
082 _aP44, 157Q5
100 _aGuha Mukul Au.
_9594266
245 0 _aBharatiya anchalik bhashar sahithya
260 _aKolkata
_bTowards Freedom India
_c2015
300 _a178p.
_ccm.
650 _aBENGALI LANGUAGE
942 _hP44, 157Q5
_cTEXL
_2cc
999 _c956275
_d956275